header

Ethics of terrorism & counter-terrorism (Record no. 37293)

MARC details
000 -LEADER
fixed length control field 01495nam a2200373 a 4500
082 04 - DEWEY DECIMAL CLASSIFICATION NUMBER
Classification number 172/.4
245 00 - TITLE STATEMENT
Title Ethics of terrorism & counter-terrorism
260 ## - PUBLICATION, DISTRIBUTION, ETC. (IMPRINT)
Place of publication Frankfurt :
Name of publisher Ontos,
Year of publication 2005.
300 ## - PHYSICAL DESCRIPTION
Number of Pages 345 p.
490 1# - SERIES STATEMENT
Series statement Philosophische Forschung =
-- Philosophical research ;
650 #0 - SUBJECT ADDED ENTRY--TOPICAL TERM
Topical Term Terrorism
Topical Term Terrorism
Topical Term War on Terrorism, 2001-2009
700 1# - ADDED ENTRY--PERSONAL NAME
Personal name Meggle, Georg.
856 40 - ELECTRONIC LOCATION AND ACCESS
Uniform Resource Identifier http://site.ebrary.com/lib/rucke/Doc?id=10728692

No items available.

© 2026 Rongo University
Contact us: librarian | system librarian | Rongo university